000 01156pam a2200313 a 4500
999 _c234594
_d234594
001 1086720
003 Nust
005 20170324153843.0
008 920224r19921989nyu 000 1 eng
010 _a 92009305
020 _a9781408805909
_cUS $9.00
040 _aDLC
_cDLC
_dOCoLC
_dDLC
041 1 _aeng
_hara
043 _aaw-----
050 0 0 _aPJ7862.H356
_bW66 1992
082 0 0 _a892.736
_bSHA
100 1 _aShaykh, Ḥanān.
245 1 0 _aWomen of sand and myrrh /
_cHanan al-Shaykh ; translated by Catherine Cobham.
250 _a1st Anchor Books ed.
260 _aNew York :
_bAnchor Books,
_c1992.
300 _a296 p. ;
_c21 cm.
500 _aOriginally published: Quartet Books, 1989.
650 0 _aWomen
_zMiddle East
_xFiction.
651 0 _aMiddle East
_xFiction.
655 7 _aDomestic fiction.
_2lcsh
856 4 2 _3Publisher description
_uhttp://www.loc.gov/catdir/description/random046/92009305.html
906 _a7
_bcbc
_corignew
_d1
_eocip
_f19
_gy-gencatlg
942 _2ddc
_cBK